Most known dishes in the world. - Statistics

General Stats
  • This quiz has been taken 18 times
  • The average score is 4 of 8
Answer Stats
Hint Answer % Correct
UK Fish and Chips
88%
Mexico Taco
81%
Italy Pizza
75%
Canada Poutine
75%
Korea Kimchi
56%
America Hamburger
44%
India Biryani
6%
GCC Machbous
6%
No matching quizzes found
Score Distribution
Percent of People with Each Score
Percentile by Number Answered
Your Score History
You have not taken this quiz